| 000 | 00333nam a2200121Ia 4500 | ||
|---|---|---|---|
| 008 | 240624s9999 xx 000 0 und d | ||
| 041 | _aeng | ||
| 082 | _a658 MOS | ||
| 100 | _aMOSHAL B S | ||
| 245 | _aBUSINESS ORGANIZATION AND MANAGEMENT | ||
| 260 |
_c2000 _aNew Delhi _bGalgotia Publishing Company |
||
| 300 | _aviii, : 474 : p. : cm. ; 25 | ||
| 999 |
_c186 _d186 |
||